TBT - Lenny Tavárez, Brytiago - Estadísticas

Estadísticas generales
  • Esta prueba ha sido intentada 214 veces
  • La puntuación promedio es 174 de 324
Estadísticas de respuestas
Letra % Correcto
a
100%
de
100%
De
100%
el
100%
lo
100%
me
100%
no
100%
pa'
100%
Que
100%
que
100%
si
100%
Si
100%
te
100%
Te
100%
va'
100%
y
100%
Y
100%
bien
67%
con
67%
dice
67%
en
67%
está
67%
esto
67%
La
67%
la
67%
la'
67%
más
67%
mi
67%
Nos
67%
Pero
67%
se
67%
TBT,
67%
Tra-
67%
tra-
67%
tra,
67%
tra
67%
67%
67%
yo
67%
Yo
67%
algo
33%
Antes
33%
bésame
33%
cabrón,
33%
caliente'
33%
caliente,
33%
cicatrices
33%
corriendo,
33%
Da
33%
debe'
33%
Deja
33%
deja'
33%
detrá',
33%
Dime
33%
doy
33%
eh-
33%
eh
33%
entiéndeme
33%
escúchame
33%
eso
33%
katra,
33%
katra
33%
mano
33%
matarme,
33%
media
33%
mil
33%
palabra'
33%
pasé
33%
pendiente
33%
piel
33%
Porque
33%
quedamo'
33%
quédate
33%
quede
33%
rodilla
33%
sabe'
33%
salir
33%
silencio
33%
Tenemos
33%
un
33%
una
33%
vaya'
33%
vaya',
33%
vuelta
33%
yeah
33%
yeah,
33%
69
0%
abra'
0%
acuerdas
0%
Aunque
0%
Baby,
0%
baby,
0%
bajarte
0%
canción
0%
cero
0%
cien
0%
como
0%
Como
0%
concierto
0%
cosa'
0%
Dale,
0%
Dame
0%
debajo
0%
Despué'
0%
enciendo
0%
encima
0%
esa
0%
esté
0%
estoy
0%
hará
0%
hookah
0%
infraganti
0%
loco
0%
mami,
0%
mente
0%
mojada
0%
nadie
0%
nasty
0%
oportunidad
0%
panty,
0%
pienso,
0%
ponte
0%
puede'
0%
quedamos
0%
ready
0%
ropa
0%
sábana'
0%
sabes
0%
sucia',
0%
tengo
0%
to'a
0%
toa'
0%
trepo
0%
usarme,
0%
vete
0%
violo
0%
No se encontraron pruebas coincidentes
Distribución de puntuación
Porcentaje de gente con cada puntuación
Porcentaje por número respondido
Historial de tus puntuaciones
No has intentado esta prueba.